000 00399nam a22001451a 4500
082 _aM3
_bVAR/N
100 _aVarkey T V
_969540
245 _aNjan sivan pillai/
_cby Varkey T V
260 _aKottayam:
_bSahitya Pravartaka Co-operative Society,
_c1984.
300 _a194p.
650 _aNovel Malayalam
_969541
650 _aLiterature Malayalam
_969542
650 _aLiterature
_969543
942 _cBK
999 _c31667
_d31667